| 000 | 01038nam a2200277Ia 4500 | ||
|---|---|---|---|
| 005 | 20151005113704.0 | ||
| 008 | 130821s2010 xxud fr 1 eng | ||
| 020 | _a9780821380284 | ||
| 020 | _a9780821380291 | ||
| 040 |
_aCo-BoUCM _bspa _cJose A. Gerena (modificó) _d[Nuevo] |
||
| 041 | 0 | 0 | _aeng |
| 100 | 1 |
_aKhandker, Shahidur R. _963842 |
|
| 245 | 1 | 0 |
_aHandbook on impact evaluation _cShahidur R. Khandker, Gayatri B. Koolwal, Hussain A. Samad _bquantitative methods and practices |
| 260 |
_aWashington D.C. (Estados Unidos) _bWorld Bank _c2010 |
||
| 300 |
_axx, 239 páginas _bcuadros gráficas |
||
| 500 | _aIncluye índice | ||
| 650 | 7 |
_aAsistencia económica _vEvaluación _99640 |
|
| 650 | 7 |
_aEconomía _9174 |
|
| 650 | 7 |
_aProyectos de desarrollo económico _vEvaluación _922706 |
|
| 690 |
_942795 _aEconomía |
||
| 700 | 1 |
_aKoolwal, Gayatri B. _963843 |
|
| 700 | 1 |
_aSamad, Hussain A. _963844 |
|
| 710 | 2 |
_aThe World Bank _963845 |
|
| 942 |
_a7 _e1 _kR _mK454h _cLIBROREF _2DEWEY _h338.9 |
||
| 999 |
_c67206 _d67206 |
||